000 01883nam a2200313 a 4500
001 000014752
003 DO-SdBNP
005 20260219115522.0
008 100120s2008 dr 001 0 spa d
020 _z999345821X
040 _aDO-SdBNP
_bspa
_cBNPHU
082 _a346.729305
_bC957h, 2008
100 1 _aCruz, Juan,
_d1956-
_917167
245 1 0 _aHallazgos sobre sucesiones y donaciones /
_cJuan Cruz ; prólogo Jorge A. Subero Isa.
250 _a2a. ed. revisada y ampliada
260 _aSanto Domingo :
_bCentenario,
_c2008.
300 _a448 p. ;
_c23 cm.
500 _aIncluye datos biográficos del autor en las solapas
504 _aBibliografía: p. 445-448
505 2 _aLos derechos sucesoriales dentro del marco de los regímenes de producción dominicana --Diferentes modos de adquirir la propiedad en la República Dominicana -- Importancia del derecho sucesorial desde el punto de vista del derecho comparado -- Incidencia del derecho sucesorial; en lo económico, social , familiar y político --Todo lo que se debe saber sobre sucesiones y donaciones -- Jurisdicción ordinaria o de derecho común (masa sucesoral y la partición) -- Jurisdicción inmobiliaria (ley 108-05 sobre registro inmobiliario) - Impuestos sucesoriales (pliego de modificaciones) liquidación y pago -- Características y ámbito de aplicación de la legislación sucesorial y compilación jurisprudencial -Nuevos hallazgos jurisprudenciales y legales sobre materia sucesoral (suplemento jurisprudencial) - Bibliografía.
590 _aInventariado, 2019/MFF
650 4 _aDerecho sucesorio
_zRepública Dominicana
_93573
650 4 _aImpuesto sobre transmisión de bienes
_917168
650 4 _aBienes raices
_933443
650 4 _aRegistro de la propiedad
_914525
700 1 _aSubero Isa, Jorge A.,
_d1947-
_epról.
_976863
910 _aValidado, 2019/MFF
942 _2ddc
_cLBS1
999 _c14335
_d14335